|
|
|
|
| LEADER |
00715nam a22001817a 4500 |
| 082 |
|
|
|a 894.M3
|b THO5/S L8
|
| 100 |
|
|
|a കെ ജെ തോമസ്സ്;
|9 10917
|
| 100 |
|
|
|a K J Thomas
|9 10918
|
| 240 |
|
|
|a Sooryan
|
| 245 |
|
|
|a സൂര്യന്
|
| 250 |
|
|
|a 1st
|
| 260 |
|
|
|a Kottayam;
|b The Vidyarthi Mithram Press & Book Depot;
|c 1978
|
| 300 |
|
|
|a 155p.
|
| 650 |
|
|
|a മലയാളം; മലയാളം നോവല്
|9 10919
|
| 650 |
|
|
|a Malayalam; Malayalam Novel; Literature; Malayalam Fiction
|9 10920
|
| 942 |
|
|
|c BK
|
| 999 |
|
|
|c 32900
|d 32900
|
| 952 |
|
|
|0 0
|1 0
|4 0
|6 894_000000000000000_M3_THO_S_L8
|7 0
|8 FIC
|9 36372
|a MAL
|b MAL
|d 2015-05-12
|e 24764
|g 7.75
|l 0
|o 894.M3 THO/S L8
|p MAL024764
|r 2015-05-12
|t 1
|w 2015-05-12
|y BK
|